Electric Machine (2nd ed) (Record no. 51492)

MARC details
000 -LEADER
fixed length control field 00349nam a2200133Ia 4500
008 - FIXED-LENGTH DATA ELEMENTS--GENERAL INFORMATION
fixed length control field 220530s9999 xx 000 0 und d
041 ## - LANGUAGE CODE
Language code of text/sound track or separate title eng
082 ## - DEWEY DECIMAL CLASSIFICATION NUMBER
Classification number 621.31042
Item number HUS
100 ## - MAIN ENTRY--PERSONAL NAME
Personal name Husain Ashfaq
9 (RLIN) 56864
245 ## - TITLE STATEMENT
Title Electric Machine (2nd ed)
260 ## - PUBLICATION, DISTRIBUTION, ETC. (IMPRINT)
Place of publication, distribution, etc. New Delhi
Name of publisher, distributor, etc. Dhanpatrai Publicaton
Date of publication, distribution, etc. 2012
300 ## - PHYSICAL DESCRIPTION
Extent 632, vi P
Other physical details PB
906 ## - LOCAL DATA ELEMENT F, LDF (RLIN)
a 41.6
b ETC
Holdings
Withdrawn status Lost status Damaged status Not for loan Collection code Home library Current library Date acquired Vendor Cost, normal purchase price Full call number Barcode Date last seen Cost, replacement price Bill Date Koha item type Original Barcode
        Electronic & Telecommunication Engineering Cummins College of Engineering for Women Nagpur Cummins College of Engineering for Women Nagpur 08/03/2013 Book Source 260.00 621.31042/HUS/ CEWN-BK-4074 30/05/2022 218.40 30/05/2022 Books 004074